000 00390nam a22001457a 4500
003 OSt
008 250823b |||||||| |||| 00| 0 eng d
020 _a9788126539772
082 _a551.49
_bRUS/GR
100 _aRushton, K.R
_97745
245 _aGroundwater hydrology: conceptual and computatonal models /
260 _aNew Delhi
_bWiley India Pvt. Ltd
_c2013
300 _a416p
942 _cBK
999 _c13940
_d13940